000 00508nam a2200181 i 4500
001 41961
003 ES-MaACL
005 20230906160526.0
007 t|
008 030312s1960 sp ||||1| spa d
100 1 _aCasas Cadilla, Rogelio.
_936215
245 1 0 _a24 artículos /
_cRogelio Casas Cadilla.
250 _a5ª ed.
260 _aMadrid :
_b[s.n.,
_c1960] (
_fEstades Artes Gráficas)
300 _a128 p. ;
_c17 cm.
740 0 _aVeinticuatro artículos.
852 _aES-MaACL
_jC-27055
_bR.55622
999 _c41961
_d41961